Science - Noms de molécules connues n°2 (Chimie) - Statistiques

Statistiques générales
  • Ce quiz a été pris 43 fois
  • Le résultat moyen est 5 sur 21
Statistiques - réponses
Par images Réponse % Correct
Méthane
100%
Dioxygène
88%
Monoxyde de carbone
61%
Ammoniac
52%
Glucose
52%
Acétone
21%
Caféine
21%
Saccharose
21%
Cholestérol
15%
PFOA
9%
Aspirine
6%
Morphine
6%
Adrénaline
3%
CBD
3%
Chlordécone
3%
Dopamine
3%
Ferrocène
3%
Glyphosate
3%
Triclosan
3%
Vaniline
3%
Vitamine C
3%
Aucun quiz correspondant
Distribution des résultats
% des personnes avec chaque résultat
Percentile par nombre de réponses
Votre historique - résultats
Vous n’avez pas pris ce quiz